| 000 | 00341nam a2200145Ia 4500 | ||
|---|---|---|---|
| 008 | 210210b1947 xxu||||| |||| 00| 0 eng d | ||
| 041 | _aeng | ||
| 082 | _a822/969 | ||
| 100 | _aPOTTER (S) | ||
| 245 | _aGamesmanship | ||
| 260 |
_aLondon _bRupert Hart-Davis., _c1947 |
||
| 650 | _aGamesmanship | ||
| 690 | _aEnglish Prose | ||
| 906 | _a013152 | ||
| 999 |
_c131999 _d131999 |
||